| 000 | 00608nam a22002177a 4500 | ||
|---|---|---|---|
| 003 | KOHA_MİRAKIL | ||
| 005 | 20260331122951.0 | ||
| 008 | 260331b tu ||||| |||| 00| 0 tur d | ||
| 020 | _a9786055545420 | ||
| 040 |
_aTR-AnABB _btur _cTR-AnABB |
||
| 041 | _atur | ||
| 082 |
_a363.7 _bHUN 2012 |
||
| 100 | 1 | _aHun, Ediz | |
| 245 | 1 | 0 |
_aYaşat ki yaşayasın / _cEdiz Hun |
| 260 |
_aİstanbul : _bBabiali Kültür Yayıncılığı, _c2012 |
||
| 300 |
_a311 sayfa ; _c20 cm |
||
| 500 | _aYazar imzalı | ||
| 650 | 0 | 4 | _aÇevre sorunları |
| 900 | _bCan ÇELIK | ||
| 942 |
_2ddc _cBK |
||
| 999 |
_c10126 _d10126 |
||